| 000 | 00742nam a2200217Ia 4500 | ||
|---|---|---|---|
| 003 | OSt | ||
| 005 | 20230501114406.0 | ||
| 008 | 210423s2012 xx 000 0 und d | ||
| 020 | _a978-81-280-0047-8 | ||
| 040 | _cAL | ||
| 041 | _aeng | ||
| 082 |
_a361.1 _223 _bSUBS |
||
| 100 |
_aSUBRAMANYA (G) _995563 |
||
| 245 | _aSocial problems: For B A degree course of all universities also useful for KAS IAS and other competitive examinations | ||
| 260 |
_aBangalore _bSapna Book House _c2012 |
||
| 300 |
_axiv,487 _bPB |
||
| 365 |
_b250 _cINR |
||
| 650 |
_aSocial Problems _995564 |
||
| 906 | _aall ; also ; B ; competitive ; course ; degree ; examinations ; IAS ; KAS ; other ; problems: ; Social ; universities ; useful | ||
| 942 |
_2ddc _cBK |
||
| 999 |
_c170629 _d170629 |
||